Macroeconomics, agriculture, and food security : (Record no. 18419)

000 -LEADER
fixed length control field 00540cam a2200169 i 4500
020 ## - INTERNATIONAL STANDARD BOOK NUMBER
ISBN 9780896298590 (pbk.)
040 ## - CATALOGING SOURCE
Transcribing agency DNAL
082 00 - DEWEY DECIMAL CLASSIFICATION NUMBER
Classification number 338 IFP 2015 C144 Or.
100 i# - MAIN ENTRY--AUTHOR NAME
Personal name Díaz-Bonilla, Eugenio,
245 10 - TITLE STATEMENT
Title Macroeconomics, agriculture, and food security :
Remainder of title a guide to policy analysis in developing countries /
300 ## - PHYSICAL DESCRIPTION
Number of Pages xxix, 611 pages :
Other physical details illustrations (some color) ;
Dimensions 23 cm
500 ## - GENERAL NOTE
General note "A peer-reviewed publication."
650 #0 - SUBJECT ADDED ENTRY--TOPICAL TERM
Topical Term Agriculture
650 #0 - SUBJECT ADDED ENTRY--TOPICAL TERM
Topical Term Macroeconomics.
650 #0 - SUBJECT ADDED ENTRY--TOPICAL TERM
Topical Term Food security
942 ## - ADDED ENTRY ELEMENTS (KOHA)
Koha item type ADB
952 ## - LOCATION AND ITEM INFORMATION (KOHA)
Withdrawn status [LOCAL, KOHA] 0
Holdings
Source of acquisition Permanent Location Date acquired Koha item type Lost status Shelving location Current Location Full call number
A36211Library Block C2019-11-25ADB C144Library Block C338 IFP 2015 C144 Or.
មជ្ឈមណ្ឌលឯការនៃសាកលវិទ្យាល័យភូមិន្ទកសិកម្មចំការដូង

Powered by Koha